Cristalografía / (Record no. 125678)

MARC details
000 -LEADER
campo de control de longitud fija 00749nam a2200229 4500
001 - NÚMERO DE CONTROL
campo de control 125678
003 - IDENTIFICADOR DE NÚMERO DE CONTROL
campo de control ES-MaACL
005 - FECHA Y HORA DE LA ÚLTIMA TRANSACCIÓN
campo de control 20230906192659.0
007 - CAMPO FIJO DE DESCRIPCIÓN FÍSICA--INFORMACIÓN GENERAL
campo de control de longitud fija t|
008 - DATOS DE LONGITUD FIJA--INFORMACIÓN GENERAL
campo de control de longitud fija 070214s1972 sp r ||||1| spa d
100 1# - ENTRADA PRINCIPAL--NOMBRE DE PERSONA
Nombre de persona Rath, R.
9 (RLIN) 95522
245 10 - MENCIÓN DEL TÍTULO
Título Cristalografía /
Mención de responsabilidad, etc. R. Rath ; traducción de Guillermina Garzón ; revisado por Juan Luis Martín Vivaldi.
260 ## - PUBLICACIÓN, DISTRIBUCIÓN, ETC.
Lugar de publicación, distribución, etc. Madrid :
Nombre del editor, distribuidor, etc. Paraninfo,
Fecha de publicación, distribución, etc. 1972.
300 ## - DESCRIPCIÓN FÍSICA
Extensión 207 p., 26 lám. :
Otras características físicas il. ;
Dimensiones 22 cm.
490 1# - MENCIÓN DE SERIE
Mención de serie Biblioteca técnica Philips
700 1# - ENTRADA AGREGADA--NOMBRE PERSONAL
Nombre de persona Garzón, Guillermina.
9 (RLIN) 55820
700 1# - ENTRADA AGREGADA--NOMBRE PERSONAL
Nombre de persona Martin Vivaldi, J. L.
9 (RLIN) 143449
830 0# - PUNTO DE ACCESO ADICIONAL DE SERIE-TÍTULO UNIFORME
Título uniforme Biblioteca técnica Philips
9 (RLIN) 181540
852 ## - LOCALIZACIÓN
Ubicación ES-MaACL
Número de control de estantería C-48413
Sublocalización o colección R.84571
852 ## - LOCALIZACIÓN
Ubicación ES-MaACL
Número de control de estantería L-11998
Sublocalización o colección R.114316
Holdings
Estatus retirado Estado de pérdida Estado de daño No para préstamo Biblioteca de origen Biblioteca actual Ubicación en estantería Fecha de adquisición Fuente de adquisición Total de préstamos Signatura topográfica completa Código de barras Visto por última vez Precio de reemplazo Tipo de ítem Koha
        Biblioteca del Ateneo de Madrid Biblioteca del Ateneo de Madrid Depósito 2 17/01/2008     L-11998 1130920 23/02/2023 23/02/2023 Libro impreso
        Biblioteca del Ateneo de Madrid Biblioteca del Ateneo de Madrid Depósito 2 17/01/2008     C-48413 1130919 23/02/2023 23/02/2023 Libro impreso